Statistics for Lincoln-Kennedy Coincidences

Click here to take the quiz!

General Stats

  • This quiz has been taken 76 times
  • The average score is 8 of 11

Answer Stats

HintCoincidenceTrue?% Correct
Both were shot in this part of their bodyHead
95%
Both were elected to the presidency in '{60}
94%
Both were concerned with {civil} rights
90%
Both assassins were {assassinated} before their trials?
89%
Both of their successors had this last nameJohnson
87%
Both were shot on this day of the weekFriday
85%
Both were assassinated by people of this regionSouthern U.S.
82%
Booth ran from a {theater}, and Oswald was also caught in a {theater}
74%
Both successors were born in '{08}
47%
Kennedy had a {secretary} named Lincoln, and Lincoln had a {secretary} named Kennedy
42%
Oswald ran from a {warehouse}, and Booth was also caught in a {warehouse}
37%

Score Distribution

Percentile by Number Answered

Percent of People with Each Score

Your Score History

You have not taken this quiz